|
|
|
|
| LEADER |
01877nam a2200409 a 4500 |
| 001 |
AAL215 |
| 003 |
BD-DhAAL |
| 005 |
20160209163615.0 |
| 008 |
150203s1994 caua b 000 0 eng |
| 010 |
|
|
|a 94013414
|
| 020 |
|
|
|a 1558153187
|
| 040 |
|
|
|a DLC
|c DLC
|d DLC
|d BD-DhAAL
|
| 050 |
0 |
0 |
|a HD5811.9.A6
|b H65 1994
|
| 082 |
0 |
0 |
|a 331.12/0956
|2 20
|
| 100 |
1 |
|
|a Hollister, Robinson G.
|9 7827
|
| 245 |
1 |
0 |
|a Reforming labor markets in the Near East :
|b implications for structural adjustment and market economies /
|c Robinson G. Hollister, Jr., and Markus P. Goldstein.
|
| 260 |
|
|
|a San Francisco, Calif. :
|b ICS Press,
|c c1994.
|
| 300 |
|
|
|a xi, 136 p. :
|b ill. ;
|c 23 cm.
|
| 490 |
1 |
|
|a ICEG sector study series ;
|v no. 8
|
| 500 |
|
|
|a "An International Center for Economic Growth publication."
|
| 504 |
|
|
|a Includes bibliographical references (p. 131-136).
|
| 541 |
|
|
|e 215
|
| 650 |
|
0 |
|a Labor market
|z Middle East.
|9 7828
|
| 650 |
|
0 |
|a Manpower policy
|z Middle East.
|9 7829
|
| 650 |
|
0 |
|a Labor policy
|z Middle East.
|9 7830
|
| 650 |
|
0 |
|a Labor market
|z Arab countries.
|9 7831
|
| 650 |
|
0 |
|a Manpower policy
|z Arab countries.
|9 7832
|
| 650 |
|
0 |
|a Labor policy
|z Arab countries.
|9 7833
|
| 651 |
|
0 |
|a Middle East
|x Economic policy.
|9 7834
|
| 651 |
|
0 |
|a Arab countries
|x Economic policy.
|9 7835
|
| 700 |
1 |
|
|a Goldstein, Markus P.,
|d 1970-
|9 7836
|
| 830 |
|
0 |
|a Sector studies ;
|v no. 8.
|9 7837
|
| 942 |
|
|
|2 ddc
|c BK
|
| 999 |
|
|
|c 33557
|d 33557
|
| 952 |
|
|
|0 0
|1 0
|2 ddc
|4 0
|6 331_120956000000000_HOL
|7 0
|9 52421
|a SCL
|b SCL
|c GEN
|d 2015-02-03
|l 0
|o 331.120956 HOL
|p 3020000215
|r 2015-02-03
|t 1
|w 2015-02-03
|y BK
|
| 952 |
|
|
|0 0
|1 0
|2 ddc
|4 0
|6 331_120956000000000_HOL
|7 0
|9 52422
|a SCL
|b SCL
|c GEN
|d 2015-02-03
|l 0
|o 331.120956 HOL
|p 3020000216
|r 2015-02-03
|t 2
|w 2015-02-03
|y BK
|
| 952 |
|
|
|0 0
|1 0
|2 ddc
|4 0
|6 331_120956000000000_HOL
|7 0
|9 52461
|a SCL
|b SCL
|c GEN
|d 2015-02-04
|l 0
|o 331.120956 HOL
|p 3020000214
|r 2015-02-04
|t 3
|w 2015-02-04
|y BK
|